<?xml version="1.0" encoding="UTF-8"?>
<marc:record xmlns:marc="http://www.loc.gov/MARC21/slim">
   <marc:leader>00000nam a2200000 a 4500</marc:leader>
   <marc:datafield ind1="1" ind2=" " tag="100">
      <marc:subfield code="a">Boie, Kirsten</marc:subfield>
      <marc:subfield code="4">aut</marc:subfield>
      <marc:subfield code="e">Verfasser/-in</marc:subfield>
   </marc:datafield>
   <marc:datafield ind1=" " ind2=" " tag="653">
      <marc:subfield code="a">Kinderkrimi</marc:subfield>
   </marc:datafield>
   <marc:datafield ind1=" " ind2=" " tag="653">
      <marc:subfield code="a">Detektivgeschichte</marc:subfield>
   </marc:datafield>
   <marc:datafield ind1=" " ind2=" " tag="653">
      <marc:subfield code="a">Afrika</marc:subfield>
   </marc:datafield>
   <marc:datafield ind1="0" ind2="0" tag="245">
      <marc:subfield code="a">Der Rinder-Dieb</marc:subfield>
   </marc:datafield>
   <marc:datafield ind1="0" ind2="0" tag="245">
      <marc:subfield code="b">Thabo, Detektiv und Gentleman</marc:subfield>
   </marc:datafield>
   <marc:datafield ind1=" " ind2="1" tag="264">
      <marc:subfield code="b">Verlag Friedrich Oetinger</marc:subfield>
      <marc:subfield code="c">2017</marc:subfield>
   </marc:datafield>
   <marc:datafield ind1="1" ind2=" " tag="490">
      <marc:subfield code="a">Thabo</marc:subfield>
   </marc:datafield>
   <marc:datafield ind1="1" ind2=" " tag="520">
      <marc:subfield code="a">Angaben aus der Verlagsmeldung        Thabo. Detektiv und Gentleman. Der Rinder-Dieb : Band 3 / von Kirsten Boie     Jetzt wird es wieder kniffelig! Es geschehen seltsame Dinge in Hlatikulu. Zuerst brennt ein Dorf in der Nähe der Lion Lodge nieder und dann verschwindet auch noch eine ganze Rinderherde unter mysteriösen Umständen. Gibt es da etwa einen Zusammenhang? Und wo steckt Miss Agatha? Thabo, Emma und Sifiso heften sich an die Fersen der Rinderdiebe und können am Schluss auch Miss Agatha aus den Fängen ihres Entführers befreien. Abenteuer und Band Nummer drei der spannenden Krimireihe um Thabo, den kleinen Meisterdetektiv aus Afrika. Charmant, mit Tiefgang, vielfach ausgezeichnet: Autorin Kirsten Boie und ihr kleiner afrikanischer Held.  www.oetinger.de/thabo</marc:subfield>
   </marc:datafield>
   <marc:datafield ind1="3" ind2=" " tag="024">
      <marc:subfield code="a">9783789120343</marc:subfield>
   </marc:datafield>
</marc:record>
